| 000 | 01157nam a2200241 a 4500 | ||
|---|---|---|---|
| 003 | DO-SdBNP | ||
| 005 | 20240412074310.0 | ||
| 007 | ta | ||
| 008 | 220701e2006 dr ||||er|||| 001 j spa d | ||
| 020 | _a9993358104 | ||
| 040 |
_aDO-SdBNP _bspa _cBNPHU |
||
| 082 | 4 |
_222 _bG216j |
|
| 100 | 1 |
_aGarcía, José Enrique, _d1948- _922487 |
|
| 245 |
_aJuego de villanos: _bcuentos. / _cJosé Enrique García |
||
| 260 |
_aSanto Domingo : _bCentenario, _c2006 |
||
| 300 |
_a173 p. ; _c22 cm. |
||
| 500 | _aIncluye datos biográficos del autor en la solapas de las cubiertas. | ||
| 505 | 0 |
_tEstos Cuentos.-- _tCenizas de Cuaresma.-- _tEmeterio Santo.-- _tPesadilla del amanuence.-- _tNacer nomás.-- _tLa otra.-- _tUna historia, La Otra.-- _tDos hombres.-- _tBailarina de la noche.-- _tUna Historia.-- _tEl señor Inoa.-- _tEl Hoyo.-- _tYa no llueve los Lunes.-- _tOficio de ocioso.-- _tJuegos de villanos.-- _tHistoria Deprisa.-- _tHumo de carne.-- _tCompañía.-- _tSacrificio de las Cenizas.-- _tConrado.- _tLos años muertos. |
|
| 650 | 0 |
_aLiteratura dominicana. _zRepública Dominicana _967 |
|
| 650 | 4 |
_979735 _aCuentos dominicano |
|
| 910 | _aMFeliz | ||
| 942 |
_2ddc _cLBS1 |
||
| 999 |
_c52128 _d52128 |
||